000 01017nam a2200253 a 4500
001 13849
003 BD-JhCC
005 20240423113420.0
008 181026b19982008bg |||| ||a| 000 0 ben d
020 _a9846450192
035 _a(BD-JhCC)13849
040 _aBD-JhCC
_dBD-JhCC
041 _abengali
082 _a297
_bSID 2008
100 _a সিদ্দিকী ,নঈম
245 _aমানবতার বন্ধু মুহাম্মদ রসূলুল্লাহ সা. /
_c নঈম সিদ্দিকী , অনু:আকরাম ফারুক,মাওলানা আবদুস শহীদ নাসিম।
_b
260 _aঢাকা:
_bশতাব্দী প্রকাশনী;
_c২০০৮.
300 _a৫৭৬ পৃ. :
_c২১ সেমি.
650 _aIslamic
700 _a ফারুক,আকরাম
700 _aনাসিম,মাওলানা আবদুস শহীদ
942 _2ddc
_cBK
999 _c13849
_d13849